| 000 | 01404njm a22003377a 4500 | ||
|---|---|---|---|
| 005 | 20100920114244.0 | ||
| 007 | sd ammalaaahaa | ||
| 008 | 100904t xxu||||| |||| 00| 0 hin d | ||
| 028 |
_aPSLP.1017 _bHis Master's Voice |
||
| 028 |
_aS/2XJW.6249 _bHis Master's Voice |
||
| 028 |
_aS/2XJW.6250 _bHis Master's Voice |
||
| 035 | _aGR-03616 | ||
| 040 | _aSED/VEN | ||
| 100 |
_aMangeshkar, Lata _91184 |
||
| 245 |
_aSubah (Part-1) _bHindi Film / _cby Lata Mangeshkar _h[Sound Recording] : |
||
| 246 | _aसुबह (लता मंगेशकर) | ||
| 250 | _aP-1984 | ||
| 260 |
_aDum Dum, India : _bHis Master's Voice |
||
| 300 |
_a1 sound disc [Gramophone Recording] : _banalog, 33 1/3 rpm ; _c12 in. [LP] _fGramophone Records |
||
| 500 | _aBrief Records | ||
| 500 | _aRecord Lables: His Master's Voice, Red | ||
| 505 | _aSong Side-1; तुम आशा विश्वास हमारे (सुबह) (लता मंगेशकर), Song Side-2; जिन्दगी आ रहा हूँ मैं (मशाल) (किशोर कुमार) Part 2 | ||
| 600 |
_aMangeshkar, Lata _920735 |
||
| 650 |
_aClassical Music _xExcerpts _zIndia _918309 |
||
| 700 |
_918319 _aKishore Kumar |
||
| 700 | _918320 | ||
| 700 | _919413 | ||
| 700 | _919439 | ||
| 942 |
_2ddc _cGR |
||
| 999 |
_c46929 _d46929 |
||